US States With Snowiest Winters - Statistics

General Stats
  • This quiz has been taken 99 times
    93 since last reset
  • The average score is 9 of 10
Answers on the Map
Answers color-coded by a green-red scale on the quiz's map according to % correct below.
 
Answer Stats
State % Correct
New York
97%
Alaska
96%
Minnesota
94%
North Dakota
94%
Maine
91%
Vermont
91%
Wyoming
91%
Utah
89%
New Hampshire
87%
West Virginia
57%
No matching quizzes found
Score Distribution
Percent of People with Each Score
Percentile by Number Answered
Your Score History
You have not taken this quiz since the last reset